Dorset Landmarks - Statistics

General Stats
  • This quiz has been taken 12 times
    11 since last reset
  • The average score is 6 of 9
Answer Stats
Picture Answer % Correct
Corfe Castle
100%
Durdle Door
100%
Bournemouth Pier
88%
Lulworth Cove
63%
Old Harry Rocks
63%
Chesil Beach
50%
Portland Bill
50%
Osmington White Horse
38%
West Bay Cliff/East Cliff
25%
No matching quizzes found
Score Distribution
Percent of People with Each Score
Percentile by Number Answered
Your Score History
You have not taken this quiz since the last reset